Statistics for Countries by Total Area of Bordering Countries

Click here to take the quiz!

General Stats

  • This quiz has been taken 35,697 times
    (35,238 since last reset)
  • The average score is 14 of 20

Answer Stats

Area in km²Country% Correct
28,102,417China
97%
15,811,223Russia
95%
26,695,207Mongolia
87%
27,830,658Kazakhstan
86%
18,032,833Ukraine
78%
18,144,284Belarus
70%
15,184,649Pakistan
70%
17,872,343Finland
69%
26,795,417North Korea
66%
13,205,668Afghanistan
64%
18,459,662Poland
64%
17,162,805Estonia
63%
17,416,373Latvia
63%
17,683,084Lithuania
63%
17,998,151Georgia
61%
12,912,361Kyrgyzstan
60%
17,886,965Norway
60%
19,629,446Azerbaijan
59%
12,988,135Bolivia
49%
13,781,714Myanmar
45%

Score Distribution

Percentile by Number Answered

Percent of People with Each Score

Your Score History

You have not taken this quiz since the last reset